[Event "World Teams 2019"]
[Site "Astana KAZ"]
[Date "2019.03.14"]
[Round "9.2"]
[White "Blomqvist, Erik"]
[Black "McShane, Luke J"]
[Result "1/2-1/2"]
[WhiteElo "2488"]
[BlackElo "2661"]
[EventDate "2019.03.05"]
[Board "2"]
[WhiteFideId "1709437"]
[WhiteTeam "Sweden"]
[BlackFideId "404853"]
[BlackTeam "England"]

1. e4 e5 2. Nf3 Nc6 3. Bb5 Nf6 4. O-O Nxe4 5. Re1 Nd6 6. Nxe5 Be7 7. Bf1
Nf5 8. Nf3 d5 9. d4 O-O 10. c3 Bd6 11. Bd3 Nfe7 12. Qc2 Ng6 13. Nbd2 Re8
14. Rxe8+ Qxe8 15. h3 Nce7 16. Nf1 Be6 17. Ng3 Qc8 18. Be3 Bxg3 19. fxg3
Bf5 20. g4 Bxd3 21. Qxd3 Qd7 22. Bf2 Re8 23. Re1 Nc8 24. Qf5 Rxe1+ 25. Nxe1
Nf8 26. Nd3 Ne7 27. Qxd7 Nxd7 28. Bg3 c6 29. a4 f6 30. a5 Kf7 31. Kf2 g5
32. Ke3 a6 33. Bc7 Ng6 34. b3 Ke6 35. Kf3 Ke7 36. Ke3 Ngf8 37. c4 Ng6 38.
Bg3 Ke6 39. Bc7 Nh8 40. Bg3 Nf7 41. Bc7 Nh6 42. Ne1 Ke7 43. Nf3 Nf8 44. Kd3
Kd7 45. Bb8 Ng8 46. Bg3 Ne7 47. Be1 Ne6 48. g3 Ng7 49. Bb4 Ng6 50. Bd2 Nf8
51. h4 h6 52. Ne1 Ke6 53. Ke3 Nd7 54. Nd3 Kf7 55. Kf3 Kg6 56. cxd5 cxd5 57.
Nb4 Ne6 58. Nxd5 Nxd4+ 59. Ke4 Nxb3 60. Bb4 Ne5 61. Ne7+ Kf7 62. Nf5 Nxg4
63. h5 Ke6 64. Ng7+ Kf7 65. Nf5 Ke6 66. Ng7+ Kf7 67. Nf5 Ke6 68. Ng7+
1/2-1/2

[Event "World Teams 2019"]
[Site "Astana KAZ"]
[Date "2019.03.14"]
[Round "9.2"]
[White "Howell, David W L"]
[Black "Smith, Axel"]
[Result "1-0"]
[WhiteElo "2693"]
[BlackElo "2487"]
[EventDate "2019.03.05"]
[Board "3"]
[WhiteFideId "410608"]
[WhiteTeam "England"]
[BlackFideId "1707930"]
[BlackTeam "Sweden"]

1. Nf3 c5 2. c4 Nf6 3. Nc3 Nc6 4. g3 e5 5. Bg2 d6 6. d3 Be7 7. Bg5 Ng8 8.
Bd2 Nf6 9. Bg5 Ng8 10. Bd2 Nf6 11. O-O O-O 12. a3 h6 13. Ne1 Be6 14. Nd5
Qd7 15. b4 Bd8 16. Bc3 Bh3 17. Nxf6+ Bxf6 18. b5 Ne7 19. e4 Bxg2 20. Nxg2
a6 21. a4 axb5 22. axb5 Rxa1 23. Qxa1 Ng6 24. f4 Re8 25. f5 Ne7 26. h4 Nc8
27. Qd1 Kh7 28. Bd2 d5 29. cxd5 Qxb5 30. Qf3 Qb2 31. Be3 Qc3 32. g4 Qxd3
33. g5 Nd6 34. gxf6 Qxe4 35. Qh5 Rg8 36. Rf2 Nc4 37. Bc1 Qxd5 38. fxg7 Rxg7
39. Bxh6 e4 40. Bxg7+ Kg8 41. Qh8# 1-0

[Event "World Teams 2019"]
[Site "Astana KAZ"]
[Date "2019.03.14"]
[Round "9.2"]
[White "Johansson, Linus"]
[Black "Jones, Gawain C B"]
[Result "0-1"]
[WhiteElo "2479"]
[BlackElo "2681"]
[EventDate "2019.03.05"]
[Board "4"]
[WhiteFideId "1711113"]
[WhiteTeam "Sweden"]
[BlackFideId "409561"]
[BlackTeam "England"]

1. d4 Nf6 2. c4 g6 3. Nc3 d5 4. cxd5 Nxd5 5. e4 Nxc3 6. bxc3 Bg7 7. Qa4+
Nd7 8. Nf3 O-O 9. Be2 Nb6 10. Qa5 Bg4 11. Qg5 Bxf3 12. Bxf3 e5 13. Qxd8
Rfxd8 14. Bg5 Rd6 15. d5 c6 16. dxc6 Rxc6 17. O-O Na4 18. Rfb1 b6 19. Bd2
Rd8 20. Be1 Bf8 21. Rd1 Rxd1 22. Bxd1 Nxc3 23. Bxc3 Rxc3 24. Bb3 Bc5 25.
Rd1 Bd4 26. Kf1 Kg7 27. Ke2 b5 28. Rd2 Rc7 29. Rc2 Bc3 30. Kd3 b4 31. Bd5
Kh6 32. f3 Kg5 33. g3 f6 34. Ke2 Rc5 35. Kf1 f5 36. Kg2 f4 37. Rc1 Rc7 38.
Bb3 Rd7 39. Rd1 Bd4 40. Rc1 Be3 41. Rd1 Rd4 42. Kf1 Rxd1+ 43. Bxd1 fxg3 44.
hxg3 h5 45. Ba4 Kh6 46. Ke2 Bc1 47. Kd1 Bb2 48. f4 h4 49. gxh4 exf4 50. Ke2
Kh5 51. Be8 Kxh4 52. Bxg6 Kg3 53. Bh5 a5 54. Kd3 f3 55. Kc4 Kf4 56. Kb5 f2
57. Be2 Kxe4 58. Kxa5 Ke3 59. Ba6 Ba3 0-1

[Event "World Teams 2019"]
[Site "Astana KAZ"]
[Date "2019.03.14"]
[Round "9.3"]
[White "Yu, Yangyi"]
[Black "Ismagambetov, Anuar"]
[Result "1-0"]
[WhiteElo "2761"]
[BlackElo "2545"]
[EventDate "2019.03.05"]
[Board "2"]
[WhiteFideId "603820"]
[WhiteTeam "China"]
[BlackFideId "13701525"]
[BlackTeam "Kazakhstan"]

1. d4 Nf6 2. c4 e6 3. Nc3 Bb4 4. e3 O-O 5. Bd3 c5 6. Ne2 d5 7. a3 cxd4 8.
axb4 dxc3 9. Nxc3 Nc6 10. b5 Ne5 11. c5 Nxd3+ 12. Qxd3 e5 13. O-O Bg4 14.
f3 Bh5 15. e4 Qc8 16. Nxd5 Qxc5+ 17. Be3 Qd6 18. Nxf6+ Qxf6 19. Qd7 Qd8 20.
Qxb7 Rb8 21. Qxa7 Rxb5 22. b4 Qb8 23. Bc5 Rd8 24. Qxb8 Rbxb8 25. Rfb1 f6
26. b5 Be8 27. b6 Rd7 28. Rc1 Kf7 29. Ra7 Ke6 30. Be3 Rdb7 31. Rc7 Rxc7 32.
Rxc7 Bd7 33. Bc5 h5 34. b7 1-0

[Event "World Teams 2019"]
[Site "Astana KAZ"]
[Date "2019.03.14"]
[Round "9.3"]
[White "Ni, Hua"]
[Black "Makhnev, Denis"]
[Result "1/2-1/2"]
[WhiteElo "2683"]
[BlackElo "2476"]
[EventDate "2019.03.05"]
[Board "4"]
[WhiteFideId "601160"]
[WhiteTeam "China"]
[BlackFideId "13707647"]
[BlackTeam "Kazakhstan"]

1. e4 e5 2. Nf3 Nc6 3. Bb5 Nf6 4. d3 Bc5 5. Bxc6 dxc6 6. Nbd2 Be6 7. Qe2
Nd7 8. Nb3 Bd6 9. Ng5 Nf8 10. O-O h6 11. Nxe6 Nxe6 12. Be3 c5 13. Na5 b6
14. Nc4 Qf6 15. a4 Rd8 16. g3 Qg6 17. Qf3 O-O 18. Qf5 Qxf5 19. exf5 Nd4 20.
Bxd4 cxd4 21. Nd2 f6 22. g4 Kf7 23. Kg2 h5 24. h3 g6 25. Kf3 hxg4+ 26. hxg4
gxf5 27. gxf5 Rh8 28. Rh1 Rdg8 29. Ne4 Be7 30. Rxh8 Rxh8 31. a5 b5 32. a6
c6 33. Rg1 Rb8 34. Rh1 Kg7 35. Ng3 Rb6 36. Ra1 Kf7 37. Ke4 Bd6 38. Nh5 c5
39. b3 c4 40. bxc4 bxc4 41. dxc4 Rb2 42. Kd5 Be7 43. Rg1 Ra2 44. Rg7+ Kf8
45. Rh7 Ra5+ 46. Ke6 Rxa6+ 47. Kd7 Rd6+ 48. Kc7 Rb6 49. Rh8+ Kf7 50. Rh7+
Kf8 51. Rh8+ Kf7 52. Ng3 Rb4 53. Kd7 Rb7+ 54. Kc6 Rb6+ 55. Kd5 Rd6+ 56. Ke4
Ra6 57. Rb8 Ra3 58. Kd5 d3 59. cxd3 Rxd3+ 60. Kc6 Rd6+ 61. Kb5 a6+ 62. Ka5
Rc6 63. Rb7 Rxc4 64. Kxa6 Rf4 65. Kb5 Ke8 66. Kc6 Rxf2 67. Rb8+ Kf7 68. Rb7
Rf4 69. Ra7 Rg4 70. Nf1 Rc4+ 71. Kd5 Rd4+ 72. Kc6 Rd6+ 73. Kb5 Rd3 74. Nh2
Rd4 75. Ra4 Rd1 76. Ng4 Rd3 77. Kc4 Rd4+ 78. Kb3 Rd7 79. Kc2 Rd6 80. Nf2
Rd7 81. Ng4 Bd8 82. Nf2 Kg7 83. Rg4+ Kf7 84. Ra4 Kg7 85. Rg4+ Kf8 86. Ra4
Rh7 87. Ra8 Rc7+ 88. Kd3 Ke7 89. Ne4 Rd7+ 90. Ke2 Rd4 91. Ra7+ Ke8 92. Kf3
Rd3+ 93. Ke2 Rd4 94. Kf3 Be7 95. Ra6 Kf7 96. Ra7 Kf8 97. Ra6 Kf7 98. Ra7
Kf8 99. Ra6 1/2-1/2

[Event "World Teams 2019"]
[Site "Astana KAZ"]
[Date "2019.03.14"]
[Round "9.4"]
[White "Swiercz, Dariusz"]
[Black "Maghsoodloo, Parham"]
[Result "1-0"]
[WhiteElo "2655"]
[BlackElo "2673"]
[EventDate "2019.03.05"]
[Board "1"]
[WhiteFideId "1126881"]
[WhiteTeam "United States of America"]
[BlackFideId "12539929"]
[BlackTeam "Iran"]

1. e4 e5 2. Nf3 Nc6 3. Bc4 Bc5 4. d3 Nf6 5. O-O a6 6. c3 d6 7. Bb3 Ba7 8.
Re1 h6 9. Nbd2 Nh5 10. Nf1 Qf6 11. Ne3 Bxe3 12. fxe3 Qg6 13. Rf1 Nf6 14.
Nh4 Qg5 15. Nf3 Qg6 16. Nh4 Qg5 17. Nf5 Bxf5 18. Rxf5 Qg6 19. Rf3 O-O 20.
Bd2 Nd7 21. Rg3 Qh7 22. Qg4 Nc5 23. Bc2 Rae8 24. b4 Ne6 25. Rf1 Ncd8 26.
Bb3 Kh8 27. Be1 c6 28. Rgf3 f6 29. Rf5 Nc7 30. Bg3 Re7 31. h4 Nf7 32. Qf3
Rfe8 33. c4 c5 34. Be1 Ne6 35. a3 Rf8 36. Bd1 Nfd8 37. Qg3 b5 38. Bb3 Rfe8
39. Qg4 Nf8 40. Qe2 Nd7 41. a4 a5 42. cxb5 cxb4 43. Qc2 Ne6 44. Bxe6 Rxe6
45. Qc7 Nc5 46. Qxa5 Nxd3 47. b6 g6 48. Rxf6 Rxf6 49. Rxf6 Nxe1 50. Qxb4
Qb7 51. Qxe1 Qxb6 52. Rxg6 Kh7 53. h5 Rf8 54. Kh2 Qb7 55. Qh4 Qa7 56. Qg4
Qf7 57. Rxd6 1-0

[Event "World Teams 2019"]
[Site "Astana KAZ"]
[Date "2019.03.14"]
[Round "9.4"]
[White "Idani, Pouya"]
[Black "Sevian, Samuel"]
[Result "0-1"]
[WhiteElo "2604"]
[BlackElo "2642"]
[EventDate "2019.03.05"]
[Board "2"]
[WhiteFideId "12510130"]
[WhiteTeam "Iran"]
[BlackFideId "2040506"]
[BlackTeam "United States of America"]

1. e4 e5 2. Nf3 Nc6 3. d4 exd4 4. Nxd4 Nf6 5. Nxc6 bxc6 6. e5 Qe7 7. Qe2
Nd5 8. c4 Ba6 9. b3 g6 10. Ba3 d6 11. exd6 Qxe2+ 12. Bxe2 Bg7 13. cxd5 Bxe2
14. Kxe2 Bxa1 15. Rc1 O-O-O 16. Rxc6 Rd7 17. f4 g5 18. g3 gxf4 19. gxf4 Rg8
20. Kf3 Rg1 21. Nd2 Rh1 22. Kg2 Rd1 23. Bb4 Bg7 24. Ba5 Rxd6 25. Rxc7+ Kb8
26. Rxf7 Rxd5 27. Nc4 Rd7 28. Rxd7 Rxd7 29. Kf3 Rd1 30. Bb4 Kc7 31. Bc5 a6
32. h4 Ra1 33. a3 Kc6 34. Be3 Kd5 35. Nb6+ Ke6 36. Nc4 Kd5 37. Nb6+ Ke6 38.
Nc4 Kf5 39. Nd6+ Kg6 40. f5+ Kh5 41. Bg5 Rxa3 42. Be7 Be5 43. Nc4 Rxb3+ 44.
Ke4 Bg3 45. f6 Kg6 46. h5+ Kf7 47. Ne3 Bh4 48. Ng4 Ke6 0-1

[Event "World Teams 2019"]
[Site "Astana KAZ"]
[Date "2019.03.14"]
[Round "9.4"]
[White "Onischuk, Alexander"]
[Black "Tabatabaei, M.amin"]
[Result "1-0"]
[WhiteElo "2647"]
[BlackElo "2600"]
[EventDate "2019.03.05"]
[Board "3"]
[WhiteFideId "14101025"]
[WhiteTeam "United States of America"]
[BlackFideId "12521213"]
[BlackTeam "Iran"]

1. d4 Nf6 2. c4 e6 3. Nc3 Bb4 4. g3 O-O 5. Bg2 Bxc3+ 6. bxc3 d6 7. Nf3 Nc6
8. c5 dxc5 9. Ba3 Nd7 10. O-O Re8 11. Rb1 Qf6 12. e3 e5 13. Re1 h6 14. Qc2
b6 15. Qa4 Bb7 16. d5 Rad8 17. dxc6 Bxc6 18. Qh4 e4 19. Qxf6 Nxf6 20. Nh4
Rd2 21. Rb2 Rd3 22. Bf1 Red8 23. Bxd3 exd3 24. c4 g5 25. Nf5 Bf3 26. Rd2
Ne4 27. Bc1 Kh7 28. g4 Bxg4 29. Ng3 Nxd2 30. Bxd2 Kg6 31. Kg2 h5 32. f3 Be6
33. Rc1 f6 34. Ne4 Bf5 35. Nf2 a5 36. Rc3 h4 37. Kf1 Be6 38. Ke1 Kh5 39. a3
f5 40. Nxd3 Bxc4 41. Nxc5 Bd5 42. e4 Re8 43. Kf2 fxe4 44. Nxe4 Bxe4 45.
fxe4 Rxe4 46. Rxc7 Kg4 47. Rc3 Re6 48. Rb3 Rf6+ 49. Kg2 Re6 50. h3+ Kh5 51.
Kf2 Rf6+ 52. Ke2 Re6+ 53. Be3 Re4 54. Rb5 Kh6 55. Kf3 Ra4 56. Bxg5+ Kh7 57.
Be7 Rd4 58. Rxb6 a4 59. Bb4 1-0

[Event "World Teams 2019"]
[Site "Astana KAZ"]
[Date "2019.03.14"]
[Round "9.5"]
[White "Guseinov, Gadir"]
[Black "Fawzy, Adham"]
[Result "1-0"]
[WhiteElo "2664"]
[BlackElo "2461"]
[EventDate "2019.03.05"]
[Board "3"]
[WhiteFideId "13401378"]
[WhiteTeam "Azerbaijan"]
[BlackFideId "10613129"]
[BlackTeam "Egypt"]

1. e4 c5 2. Nc3 Nc6 3. Nf3 Nf6 4. Bb5 g6 5. h3 d6 6. e5 dxe5 7. Nxe5 Qd6 8.
Nxc6 bxc6 9. Qf3 Qe6+ 10. Kd1 Bd7 11. Re1 Qd6 12. d3 Nd5 13. Bc4 Nxc3+ 14.
bxc3 Be6 15. Bf4 Qd7 16. Bxe6 fxe6 17. Be5 Rg8 18. Qg4 h5 19. Qe4 Kf7 20.
Qf4+ Ke8 21. c4 Bg7 22. Rb1 Bf6 23. Bxf6 Rf8 24. Qh6 Rxf6 25. Qh8+ Rf8 26.
Qg7 Rxf2 27. Qg8+ Rf8 28. Qxg6+ Kd8 29. Qxh5 Qd6 30. Qh6 Kc7 31. Qxe6 Rae8
32. Qxd6+ Kxd6 33. Rb7 a5 34. Ra7 e5 35. Rxa5 e4 36. Rxe4 Rxe4 37. dxe4 Rf2
38. g4 Rh2 39. Ra3 Ke5 40. Rd3 Kxe4 41. Kc1 1-0